Partis Politiques Français 2022 (Version difficile) - Statistiques

Statistiques générales
  • Ce quiz a été pris 381 fois
  • Le résultat moyen est 21 sur 48
Statistiques - réponses
Président
Secrétaire Général
Parti Politique % Correct
Jordan Bardella Rassemblement national
99%
Philippe Hardouin En commun
96%
Eric Zemmour Reconquête
95%
Christian Jacob Les Républicains
90%
Olivier Faure Parti socialiste
84%
Adrien Quatennens La France Insoumise
82%
Nathalie Arthaud Lutte ouvrière
82%
Stanislas Guérini La République en marche / Renaissance
78%
Philippe Poutou Nouveau Parti anticapitaliste
78%
Nicolas Dupont-Aignan Debout la France
77%
Fabien Roussel Parti communiste français
76%
François Bayrou Mouvement démocrate
75%
Julien Bayou Europe Écologie Les Verts
72%
Édouard Philippe Horizons
71%
Florian Philippot Les Patriotes
59%
Jean Lassalle Résistons !
59%
Jean-Christophe Lagarde Union des démocrates et indépendants
56%
Raphaël Glucksmann Place publique
48%
Jacques Cheminade Solidarité et progrès
48%
Hélène Thouy Parti animaliste
47%
François Asselineau Union populaire républicaine
46%
Franck Riester Agir
38%
François de Rugy Parti écologiste
37%
Delphine Batho Génération écologie
36%
Guillaume Lacroix Parti radical de gauche
35%
Anasse Kazib Révolution Permanente
35%
Hervé Morin Les Centristes
33%
Pierre Larrouturou Nouvelle Donne
33%
Laurent Hénart Parti radical
33%
Georges Kuzmanovic République souveraine
33%
Jean-Frédéric Poisson VIA, la voie du peuple
31%
Olivier Dussopt Territoires de Progrès
29%
- Parti pirate
27%
Valérie Pécresse Soyons libres
26%
Jean-Marie Le Pen Comités Jeanne
25%
Jacques Bompard Ligue du Sud
20%
Corinne Lepage Cap21
18%
Laurence Trochu Mouvement conservateur
18%
Christian Estrosi La France audacieuse
14%
Eddie Puyjalon Le Mouvement de la ruralité
12%
Daniel Gluckstein Parti ouvrier indépendant démocratique
12%
Emmanuel Maurel Gauche républicaine et socialiste
10%
Christiane Taubira Walwari
10%
Bruno North Centre national des indépendants et paysans
9%
Antoine Waechter Mouvement écologiste indépendant
8%
Nagib Azergui Union des démocrates musulmans français
8%
Jean-Marc Governatori Alliance écologiste indépendante
6%
Jean-Félix Benedetti Femu a Corsica
5%
Aucun quiz correspondant
Distribution des résultats
% des personnes avec chaque résultat
Percentile par nombre de réponses
Votre historique - résultats
Vous n’avez pas pris ce quiz